000 00504nam a22001817a 4500
005 20251108164807.0
008 250721s1994 xx 000 0 ara d
082 1 4 _a811.9563/مي
100 1 _aمظفر، مي
245 1 0 _aليليات :
_bشعر /
264 1 _aعمان :
_bدار الشروق للنشر و التوزيع،
_c1994.
300 _a96ص
650 1 7 _aالشعر العربي
650 1 7 _aالعصر الحديث
650 1 7 _aالعراق
942 _2ddc
_cBK
999 _c14514
_d14514